Statistics for Name the Outbreak of Disease

Click here to take the quiz!

General Stats

  • This quiz has been taken 91 times
  • The average score is 9 of 15

Answer Stats

YearLocationSymptomsDisease% Correct
2014Western AfricaInternal bleeding, vomiting or coughing up bloodEbola
95%
1918United StatesFever, chills, muscle aches, cough, etc.Spanish Flu
89%
1981-presentWorldwideImmune deficiencyAIDS
85%
2015-16BrazilBirth defect microcephalyZika
85%
1340-1400EuropeSwollen lymph nodes, sometimes as large as chicken eggs, in the groin, armpit, or neckBubonic Plague
84%
1952United StatesParalysisPolio
77%
1633-34United States (New England)Virus-filled sores on the skinSmallpox
68%
1854United KingdomDiarrhea, dehydrationCholera
65%
Tens of thousands of years ago-todaySub-Saharan Africa (Today)Chills, fever, sweatingMalaria
61%
17th-19th centuryEuropeCough (sometimes with blood), weight loss, night sweats, feverTuberculosis
47%
2009Mexico, United StatesFever, cough, sore throat, chills, body achesSwine Flu
41%
1793United States (Philadelphia)Fever, headache, nausea, vomitingYellow Fever
41%
541 ADEastern Roman EmpireSwollen lymph nodes, necrosis of the handsPlague of Justinian
15%
1600sEuropeFever, cough, headache, abdominal pain, etc.Typhus
12%
165-180 ADMiddle East, Roman EmpireFever, diarrhea, pharyngitis, skin eruptionAntonine Plague
3%

Score Distribution

Percentile by Number Answered

Percent of People with Each Score

Your Score History

You have not taken this quiz